000 00690cam a2200133 4500500
005 20260111091251.0
041 _afre
042 _adc
245 0 0 _aIl religioso in Kierkegaard. Atti del convegno di studi organizzato dalla Società Italiana per gli Studi Kierkegaardiani tenutosi dal 14 al 16 dicembre 2000 a Venezia, éd. I. Adinolfi, coll. Filosofia n.s. 5, Brescia, Morcelliana, 2002, 21x15, 449 p., 28.50 €. ISBN 88-372-1867-2
260 _c2005.
500 _a51
786 0 _nNouvelle revue théologique | 127 | 4 | 2005-12-15 | p. 666n-679n | 0029-4845
856 4 1 _uhttps://shs.cairn.info/revue-nouvelle-revue-theologique-2005-4-page-666n?lang=fr&redirect-ssocas=7080
999 _c1620779
_d1620779